| 000 | 00644nam a22002057a 4500 | ||
|---|---|---|---|
| 003 | PILC | ||
| 005 | 20160108150853.0 | ||
| 008 | 130702t xxu||||| |||| 00| 0 eng d | ||
| 020 | _a07460-37112 | ||
| 050 |
_aHE 7551 _b.W187 2000 |
||
| 082 |
_aCS 004.692 _bW15 2000 |
||
| 100 | _aWallace, Mark | ||
| 245 |
_aThe usborne guide to e-mail _cMark Wallace and Philippa Wingate, Technical consultants : David Lee Taylor and Longhurst |
||
| 260 |
_aEngland : _bUsborne Publishing Ltd, _cc2000. |
||
| 300 |
_a48 p. : _bill. col. ; _c25 cm. : |
||
| 520 | _a1. Electronic mail systems. | ||
| 562 | _e1 | ||
| 942 |
_2lcc _cBK |
||
| 999 |
_c3545 _d3545 |
||